|
|
|
|
| LEADER |
01623cas a2200241 a 4500 |
| 001 |
AALejournalIMF009873 |
| 008 |
230101c9999 xx r poo 0 0eng d |
| 020 |
|
|
|c 5.00 USD
|
| 020 |
|
|
|z 9781451800364
|
| 022 |
|
|
|a 1934-7685
|
| 040 |
|
|
|a BD-DhAAL
|c BD-DhAAL
|
| 110 |
2 |
|
|a International Monetary Fund.
|
| 245 |
1 |
0 |
|a Islamic Republic of Afghanistan :
|b Poverty Reduction Strategy Paper; Progress Report.
|
| 264 |
|
1 |
|a Washington, D.C. :
|b International Monetary Fund,
|c 2008.
|
| 300 |
|
|
|a 1 online resource (31 pages)
|
| 490 |
1 |
|
|a IMF Staff Country Reports
|
| 500 |
|
|
|a <strong>Off-Campus Access:</strong> No User ID or Password Required
|
| 500 |
|
|
|a <strong>On-Campus Access:</strong> No User ID or Password Required
|
| 506 |
|
|
|a Electronic access restricted to authorized BRAC University faculty, staff and students
|
| 520 |
3 |
|
|a The Afghanistan National Development Strategy (ANDS) is Afghanistan's Poverty Reduction Strategy Paper (PRSP). Implementation of the ANDS is highly dependent on donor assistance. The main general objectives of the ANDS are to improve the quality of life of Afghan people and to reduce poverty. ANDS will play a key role in improving aid coordination and aid effectiveness. The first draft of the ANDS chapter on implementation, monitoring and evaluation and the policy paper on how to improve aid coordination and aid effectiveness has been prepared.
|
| 538 |
|
|
|a Mode of access: Internet
|
| 830 |
|
0 |
|a IMF Staff Country Reports; Country Report ;
|v No. 2008/073
|
| 856 |
4 |
0 |
|z Full text available on IMF
|u http://elibrary.imf.org/view/journals/002/2008/073/002.2008.issue-073-en.xml
|z IMF e-Library
|